[Event "Barreirinhas Athenas op"]
[Site "Barreirinhas"]
[Date "2015.10.18"]
[Round "6"]
[White "Delgado Ramirez, Neuris"]
[Black "Mareco, Sandro"]
[Result "0-1"]
[WhiteElo "2615"]
[BlackElo "2599"]
[PlyCount "80"]
[EventDate "2015.10.16"]
[EventType "swiss"]
[EventRounds "6"]
[EventCountry "BRA"]
[SourceTitle "CBM 168 Extra"]
[Source "ChessBase"]
[SourceDate "2015.10.29"]
[SourceVersion "1"]
[SourceVersionDate "2015.10.29"]
[SourceQuality "1"]

1. e4 c5 2. Nf3 d6 3. d4 cxd4 4. Nxd4 Nf6 5. Nc3 a6 6. Qf3 Nbd7 7. Be2 g6 8. h3
Bg7 9. Be3 Qc7 10. g4 h6 11. O-O-O b5 12. e5 Bb7 13. exf6 Nxf6 14. Qg3 b4 15.
Nb1 Ne4 16. Qh2 Rc8 17. Bd3 Nc5 18. Bc4 e5 19. Rhe1 O-O 20. f4 d5 21. Nb3 dxc4
22. Nxc5 Bf3 23. Rd7 Qa5 24. fxe5 Rxc5 25. Bxc5 Qxc5 26. Qf4 Bd5 27. Nd2 Be6
28. Rd6 Rc8 29. Qd4 c3 30. Nb3 cxb2+ 31. Qxb2 Qf2 32. Rdd1 Qg3 33. Qd4 Qxh3 34.
Re4 a5 35. Kb1 a4 36. Nc5 b3 37. cxb3 axb3 38. axb3 Bf8 39. Re3 Qg2 40. Qe4
Qxg4 0-1

[Event "PAR-ch"]
[Site "Asuncion"]
[Date "2015.12.09"]
[Round "1"]
[White "Gomez Dacak, Franklin Paul"]
[Black "Delgado Ramirez, Neuris"]
[Result "0-1"]
[WhiteElo "1716"]
[BlackElo "2609"]
[PlyCount "68"]
[EventDate "2015.12.09"]
[EventType "tourn"]
[EventRounds "11"]
[EventCountry "PAR"]
[SourceTitle "EXT 2017"]
[Source "ChessBase"]
[SourceDate "2016.10.25"]
[SourceVersion "1"]
[SourceVersionDate "2016.10.25"]
[SourceQuality "1"]

1. d4 Nf6 2. Bf4 d6 3. e3 Nbd7 4. Nf3 Nh5 5. Bd3 g6 6. Nbd2 Bg7 7. c3 Nxf4 8.
exf4 c5 9. O-O cxd4 10. cxd4 Nf6 11. Rc1 O-O 12. Re1 Nd5 13. g3 Nb4 14. Bb1 Be6
15. Nb3 Bd5 16. a3 Nc6 17. Be4 Bxb3 18. Qxb3 Nxd4 19. Qxb7 Rb8 20. Qxa7 Nb5 21.
Qe3 Bxb2 22. Rb1 Bf6 23. Rec1 d5 24. Bc2 Nc3 25. Rxb8 Qxb8 26. Bb1 Qb2 27. Rc2
Nd1 28. Qc5 Qxb1 29. Rc1 Qd3 30. Ne5 Bxe5 31. fxe5 d4 32. Qxe7 Qd2 33. Qc5
Qxf2+ 34. Kh1 Qf1# 0-1

[Event "PAR-ch"]
[Site "Asuncion"]
[Date "2015.12.10"]
[Round "2"]
[White "Delgado Ramirez, Neuris"]
[Black "Pereira, Sergio1"]
[Result "1-0"]
[WhiteElo "2609"]
[BlackElo "1885"]
[PlyCount "55"]
[EventDate "2015.12.09"]
[EventType "tourn"]
[EventRounds "11"]
[EventCountry "PAR"]
[SourceTitle "EXT 2017"]
[Source "ChessBase"]
[SourceDate "2016.10.25"]
[SourceVersion "1"]
[SourceVersionDate "2016.10.25"]
[SourceQuality "1"]

1. e4 c5 2. Nf3 d6 3. d4 cxd4 4. Nxd4 Nf6 5. Nc3 a6 6. Qf3 e6 7. g4 Be7 8. g5
Nfd7 9. Be3 Qc7 10. Qh3 Nc5 11. f4 Nc6 12. Nxc6 bxc6 13. Bxc5 dxc5 14. e5 h6
15. O-O-O Rb8 16. Rg1 Rb4 17. Rg4 Qb6 18. b3 c4 19. a3 Rxb3 20. cxb3 Bxa3+ 21.
Kd2 cxb3 22. Ke2 a5 23. Kf3 Bb7 24. Bd3 c5+ 25. Ke2 Ke7 26. gxh6 Rxh6 27. Rh4
c4 28. Bb1 1-0

[Event "PAR-ch"]
[Site "Asuncion"]
[Date "2015.12.11"]
[Round "3"]
[White "Zacarias, M Ruben D"]
[Black "Delgado Ramirez, Neuris"]
[Result "0-1"]
[WhiteElo "2208"]
[BlackElo "2609"]
[PlyCount "60"]
[EventDate "2015.12.09"]
[EventType "tourn"]
[EventRounds "11"]
[EventCountry "PAR"]
[SourceTitle "EXT 2017"]
[Source "ChessBase"]
[SourceDate "2016.10.25"]
[SourceVersion "1"]
[SourceVersionDate "2016.10.25"]
[SourceQuality "1"]

1. e4 c5 2. Nf3 d6 3. d4 cxd4 4. Nxd4 Nf6 5. Nc3 Nc6 6. Be2 e5 7. Nf3 h6 8. O-O
Be7 9. h3 O-O 10. Re1 a6 11. a4 Be6 12. Bf1 Rc8 13. b3 Nb4 14. Bb2 Rc5 15. Ba3
a5 16. Bxb4 axb4 17. Na2 d5 18. Nxe5 dxe4 19. Nc4 Qc7 20. c3 Rg5 21. Kh1 Ng4
22. hxg4 Bxg4 23. f3 Bxf3 24. Qc2 Rh5+ 25. Kg1 Qh2+ 26. Kf2 Bh4+ 27. Ke3 Bg5+
28. Kf2 Bf4 29. Rxe4 Qg3+ 30. Kg1 Rh1+ 0-1

[Event "PAR-ch"]
[Site "Asuncion"]
[Date "2015.12.12"]
[Round "4"]
[White "Delgado Ramirez, Neuris"]
[Black "Heinechen, John"]
[Result "1-0"]
[WhiteElo "2609"]
[BlackElo "1965"]
[PlyCount "41"]
[EventDate "2015.12.09"]
[EventType "tourn"]
[EventRounds "11"]
[EventCountry "PAR"]
[SourceTitle "EXT 2017"]
[Source "ChessBase"]
[SourceDate "2016.10.25"]
[SourceVersion "1"]
[SourceVersionDate "2016.10.25"]
[SourceQuality "1"]

1. e4 e5 2. Nf3 Nc6 3. c3 Nf6 4. d4 d5 5. Bb5 Nxe4 6. Nxe5 Bd7 7. Nxd7 Qxd7 8.
O-O Be7 9. Nd2 Nxd2 10. Bxd2 O-O 11. Qf3 a6 12. Ba4 Rfe8 13. Rae1 Bf8 14. h4
Rad8 15. Bc2 Ne7 16. h5 c6 17. Bxh7+ Kxh7 18. Qxf7 Qg4 19. Re6 Nf5 20. f3 Nxd4
21. Rh6# 1-0

[Event "PAR-ch"]
[Site "Asuncion"]
[Date "2015.12.13"]
[Round "5"]
[White "Franco Ocampos, Zenon"]
[Black "Delgado Ramirez, Neuris"]
[Result "0-1"]
[WhiteElo "2507"]
[BlackElo "2609"]
[PlyCount "118"]
[EventDate "2015.12.09"]
[EventType "tourn"]
[EventRounds "11"]
[EventCountry "PAR"]
[SourceTitle "EXT 2017"]
[Source "ChessBase"]
[SourceDate "2016.10.25"]
[SourceVersion "1"]
[SourceVersionDate "2016.10.25"]
[SourceQuality "1"]

1. d4 Nf6 2. c4 e6 3. Nf3 b6 4. e3 Bb7 5. Bd3 d5 6. b3 Bd6 7. O-O O-O 8. Bb2
Nbd7 9. Nc3 a6 10. Rc1 Qe7 11. Na4 dxc4 12. bxc4 c5 13. Ne5 Rad8 14. f4 cxd4
15. exd4 Ba3 16. Qb3 Bxb2 17. Qxb2 Rb8 18. Rce1 b5 19. cxb5 axb5 20. Bxb5 Qd6
21. Nc4 Qc7 22. Rc1 Ba6 23. Nc3 Qa7 24. Rfd1 Bxb5 25. Nxb5 Qa4 26. Ncd6 Nd5 27.
Qa3 Qxa3 28. Nxa3 Ra8 29. Nac4 Nxf4 30. Rd2 Nd5 31. Rb2 Ra6 32. Rb7 N7f6 33. a3
Ng4 34. Rf1 Nge3 35. Nxe3 Rxd6 36. Nxd5 Rxd5 37. a4 Rxd4 38. Ra1 Rd6 39. a5 Ra6
40. Kf2 Rfa8 41. Ke3 Kf8 42. Rb5 Ke7 43. Kd4 R8a7 44. Kc5 e5 45. Kb4 f6 46. Rb8
e4 47. Kb5 Rd6 48. a6 Kd7 49. Rg8 Ke6 50. Re8+ Kf5 51. Rb8 Re6 52. Rb7 Ra8 53.
a7 e3 54. Rxg7 e2 55. Re1 Kf4 56. Rg3 Re3 57. Kb6 Rxg3 58. hxg3+ Ke3 59. Kb7
Rxa7+ 0-1

[Event "PAR-ch"]
[Site "Asuncion"]
[Date "2015.12.14"]
[Round "6"]
[White "Kropff, Ricardo"]
[Black "Delgado Ramirez, Neuris"]
[Result "0-1"]
[WhiteElo "2224"]
[BlackElo "2609"]
[PlyCount "58"]
[EventDate "2015.12.09"]
[EventType "tourn"]
[EventRounds "11"]
[EventCountry "PAR"]
[SourceTitle "EXT 2017"]
[Source "ChessBase"]
[SourceDate "2016.10.25"]
[SourceVersion "1"]
[SourceVersionDate "2016.10.25"]
[SourceQuality "1"]

1. d4 Nf6 2. Nf3 e6 3. c4 b6 4. Nc3 Bb4 5. Qc2 Bb7 6. a3 Bxc3+ 7. Qxc3 d6 8. g3
c5 9. dxc5 bxc5 10. Bg2 Nc6 11. O-O e5 12. b4 e4 13. Ng5 Nd4 14. Re1 h6 15. e3
Nf3+ 16. Nxf3 exf3 17. Bh3 O-O 18. Bb2 Re8 19. bxc5 dxc5 20. Rad1 Qb6 21. Bd7
Re7 22. Bf5 Be4 23. Bxe4 Rxe4 24. h3 Rb8 25. Rb1 Qe6 26. Kh2 Rxc4 27. Qd3 Ne4
28. Rf1 Ng5 29. g4 Rxg4 0-1

[Event "PAR-ch"]
[Site "Asuncion"]
[Date "2015.12.15"]
[Round "7"]
[White "Delgado Ramirez, Neuris"]
[Black "Bachmann, Axel"]
[Result "1-0"]
[WhiteElo "2609"]
[BlackElo "2610"]
[PlyCount "93"]
[EventDate "2015.12.09"]
[EventType "tourn"]
[EventRounds "11"]
[EventCountry "PAR"]
[SourceTitle "EXT 2017"]
[Source "ChessBase"]
[SourceDate "2016.10.25"]
[SourceVersion "1"]
[SourceVersionDate "2016.10.25"]
[SourceQuality "1"]

1. e4 e5 2. Nf3 Nc6 3. Nc3 Nf6 4. Be2 Bb4 5. Nd5 Ba5 6. c3 Nxe4 7. d3 Nf6 8.
Bg5 d6 9. d4 h6 10. Nxf6+ gxf6 11. Bh4 e4 12. Nd2 d5 13. f3 exf3 14. Nxf3 Qd6
15. O-O Bb6 16. Nd2 f5 17. Bd3 Ne7 18. Bg3 Qg6 19. a4 a5 20. Nf3 Be6 21. b4
axb4 22. a5 Ba7 23. a6 b5 24. Bxb5+ Kf8 25. cxb4 Rg8 26. Qd2 c6 27. Bd3 Kg7 28.
Bd6 Rge8 29. Kh1 Bb8 30. Be5+ Kh7 31. b5 cxb5 32. Bxb5 Rg8 33. Bxb8 Rgxb8 34.
Bd3 Nc6 35. Rfc1 Bd7 36. Qf4 Kg8 37. g4 Rb3 38. Bxf5 Bxf5 39. gxf5 Qf6 40. Ne5
Nxe5 41. dxe5 Qb6 42. f6 Qe3 43. Qg4+ Qg5 44. Rc8+ Rxc8 45. Qxc8+ Kh7 46. Qc2+
Qg6 47. Qxg6+ 1-0

[Event "PAR-ch"]
[Site "Asuncion"]
[Date "2015.12.16"]
[Round "8"]
[White "Heinechen, Juan"]
[Black "Delgado Ramirez, Neuris"]
[Result "0-1"]
[WhiteElo "1944"]
[BlackElo "2609"]
[PlyCount "56"]
[EventDate "2015.12.09"]
[EventType "tourn"]
[EventRounds "11"]
[EventCountry "PAR"]
[SourceTitle "EXT 2017"]
[Source "ChessBase"]
[SourceDate "2016.10.25"]
[SourceVersion "1"]
[SourceVersionDate "2016.10.25"]
[SourceQuality "1"]

1. e4 c5 2. Nc3 Nc6 3. Nf3 d6 4. d4 cxd4 5. Nxd4 Nf6 6. Bc4 e5 7. Nde2 Be6 8.
Bb3 Be7 9. O-O O-O 10. Kh1 b5 11. Ng3 a6 12. f4 Nd4 13. Be3 Nxb3 14. axb3 Ng4
15. Bg1 exf4 16. Nf5 Ne3 17. Nxe7+ Qxe7 18. Bxe3 fxe3 19. Qd4 Qg5 20. Rfe1 Qe5
21. Rad1 Rfc8 22. Rxe3 a5 23. Qd3 b4 24. Nb5 Qxb2 25. Nxd6 Rc3 26. Qd4 Rxc2 27.
Nf5 Qxd4 28. Nxd4 Rd8 0-1

[Event "PAR-ch"]
[Site "Asuncion"]
[Date "2015.12.17"]
[Round "9"]
[White "Delgado Ramirez, Neuris"]
[Black "Latorre Lopez Moreira, Luis Matias"]
[Result "1-0"]
[WhiteElo "2609"]
[BlackElo "2290"]
[PlyCount "129"]
[EventDate "2015.12.09"]
[EventType "tourn"]
[EventRounds "11"]
[EventCountry "PAR"]
[SourceTitle "EXT 2017"]
[Source "ChessBase"]
[SourceDate "2016.10.25"]
[SourceVersion "1"]
[SourceVersionDate "2016.10.25"]
[SourceQuality "1"]

1. d4 d5 2. Bf4 Nf6 3. e3 c5 4. Nc3 a6 5. dxc5 Nc6 6. a3 e5 7. Bg5 d4 8. Ne4
Bf5 9. Bxf6 gxf6 10. Ng3 Bg6 11. e4 Bxc5 12. Nf3 Qb6 13. b4 Bf8 14. Bd3 h5 15.
Nh4 Bh6 16. Ngf5 Bg5 17. Nd6+ Kf8 18. Nhf5 Ne7 19. h4 Bh6 20. O-O Qc6 21. Qe2
Bxf5 22. Nxf5 Re8 23. b5 Qd7 24. bxa6 bxa6 25. Qf3 Qe6 26. Rab1 Nxf5 27. exf5
e4 28. fxe6 exf3 29. exf7 Kxf7 30. g3 Bd2 31. Bxa6 Ra8 32. Rb6 Rhe8 33. Bc4+
Kg6 34. Rb3 Rac8 35. Bd3+ Kf7 36. Rb7+ Re7 37. Bg6+ Kxg6 38. Rxe7 Rxc2 39. Re4
Bc3 40. Rd1 Ra2 41. Rf4 Rxa3 42. Rxf3 Ra5 43. Kg2 Re5 44. Rb1 Rd5 45. Kf1 Rd6
46. Ke2 Ra6 47. Kd3 Re6 48. Kc4 Ra6 49. Kc5 Ra5+ 50. Rb5 Ra6 51. Rb6 Rxb6 52.
Kxb6 Be1 53. Kb5 d3 54. Rxd3 Bxf2 55. Rf3 Be1 56. Kc4 Ba5 57. Kd5 Bc7 58. Ke6
Be5 59. Ra3 Bb8 60. Ra8 Be5 61. Rg8+ Kh7 62. Kf7 Bb2 63. Rg7+ Kh8 64. Kg6 Be5
65. Re7 1-0

[Event "PAR-ch"]
[Site "Asuncion"]
[Date "2015.12.18"]
[Round "10"]
[White "Cubas, Jose Fernando"]
[Black "Delgado Ramirez, Neuris"]
[Result "1-0"]
[WhiteElo "2425"]
[BlackElo "2609"]
[PlyCount "107"]
[EventDate "2015.12.09"]
[EventType "tourn"]
[EventRounds "11"]
[EventCountry "PAR"]
[SourceTitle "EXT 2017"]
[Source "ChessBase"]
[SourceDate "2016.10.25"]
[SourceVersion "1"]
[SourceVersionDate "2016.10.25"]
[SourceQuality "1"]

1. e4 c5 2. Nf3 d6 3. d4 cxd4 4. Nxd4 Nf6 5. Nc3 a6 6. Be3 e5 7. Nb3 Be7 8. f3
Be6 9. Qd2 h5 10. O-O-O Nbd7 11. Kb1 Rc8 12. g3 b5 13. Nd5 Nxd5 14. exd5 Bf5
15. Bd3 Bxd3 16. Qxd3 O-O 17. g4 hxg4 18. fxg4 Rc4 19. h3 Bg5 20. Nd2 Ra4 21.
Bxg5 Qxg5 22. Ne4 Qg6 23. Rhe1 Rd4 24. Qe3 Rxd1+ 25. Rxd1 Rc8 26. Rc1 Rc4 27.
Ng3 Nc5 28. Nf5 Qf6 29. Rf1 Re4 30. Qc1 Qd8 31. g5 Na4 32. Qd2 b4 33. Nh6+ Kh7
34. Nxf7 Qe7 35. g6+ Kg8 36. Ng5 Rd4 37. Qe3 Nc5 38. b3 Qe8 39. Ne6 Nxe6 40.
dxe6 Qxe6 41. Qg5 Qe8 42. Qh5 Rf4 43. Qh7+ Kf8 44. Qh8+ Ke7 45. Qxg7+ Ke6 46.
Rxf4 exf4 47. Qf7+ Qxf7 48. gxf7 Kxf7 49. Kc1 Kg6 50. Kd2 Kg5 51. Ke2 Kh4 52.
Kf3 Kxh3 53. Kxf4 Kg2 54. Ke4 1-0

[Event "PAR-ch"]
[Site "Asuncion"]
[Date "2015.12.19"]
[Round "11"]
[White "Delgado Ramirez, Neuris"]
[Black "Almiron, Antonio"]
[Result "1-0"]
[WhiteElo "2609"]
[BlackElo "2307"]
[PlyCount "39"]
[EventDate "2015.12.09"]
[EventType "tourn"]
[EventRounds "11"]
[EventCountry "PAR"]
[SourceTitle "EXT 2017"]
[Source "ChessBase"]
[SourceDate "2016.10.25"]
[SourceVersion "1"]
[SourceVersionDate "2016.10.25"]
[SourceQuality "1"]

1. e4 c5 2. Nf3 d6 3. d4 cxd4 4. Nxd4 Nf6 5. Nc3 a6 6. h3 e6 7. g4 Nfd7 8. Bg2
Be7 9. Nce2 Nc6 10. c3 Qc7 11. O-O Rb8 12. f4 b5 13. f5 e5 14. Nc2 Nb6 15. Ng3
f6 16. g5 O-O 17. g6 h6 18. Ne3 Bb7 19. Nh5 Rbd8 20. Nd5 1-0

[Event "Zicosur op 2nd"]
[Site "Antofagasta"]
[Date "2016.01.05"]
[Round "1"]
[White "Poblete Rojas, Pablo"]
[Black "Delgado Ramirez, Neuris"]
[Result "0-1"]
[WhiteElo "1999"]
[BlackElo "2609"]
[PlyCount "70"]
[EventDate "2016.01.05"]
[EventType "swiss"]
[EventRounds "9"]
[EventCountry "CHI"]
[SourceTitle "CBM 170 Extra"]
[Source "ChessBase"]
[SourceDate "2016.02.25"]
[SourceVersion "1"]
[SourceVersionDate "2016.02.25"]
[SourceQuality "1"]

1. e4 c5 2. Nf3 g6 3. d4 cxd4 4. Nxd4 Bg7 5. Nc3 Nc6 6. Nb3 Bxc3+ 7. bxc3 Nf6
8. Bd3 d5 9. exd5 Qxd5 10. O-O Bg4 11. Qe1 O-O-O 12. c4 Qe5 13. Be3 Bf5 14. f4
Qc7 15. Qc3 Ng4 16. Rae1 Nxe3 17. Rxe3 e6 18. Kh1 Rhe8 19. Nc5 Qb6 20. Bxf5
exf5 21. Rxe8 Rxe8 22. Nd3 Qd4 23. Qb3 Re2 24. c5 Qe4 25. Rg1 Qe6 26. Qb2 f6
27. Rb1 Nd8 28. Qa3 Rxc2 29. c6 Qxc6 30. Ne1 Rc4 31. Qxa7 Rc1 32. Qa8+ Kd7 33.
Rxc1 Qxc1 34. Qa5 Nc6 35. Qd5+ Ke7 0-1

[Event "Zicosur op 2nd"]
[Site "Antofagasta"]
[Date "2016.01.06"]
[Round "2"]
[White "Delgado Ramirez, Neuris"]
[Black "Sanchez Sandoval, Gonzalo"]
[Result "1-0"]
[WhiteElo "2609"]
[BlackElo "2247"]
[PlyCount "73"]
[EventDate "2016.01.05"]
[EventType "swiss"]
[EventRounds "9"]
[EventCountry "CHI"]
[SourceTitle "CBM 170 Extra"]
[Source "ChessBase"]
[SourceDate "2016.02.25"]
[SourceVersion "1"]
[SourceVersionDate "2016.02.25"]
[SourceQuality "1"]

1. e4 c5 2. b3 g6 3. Bb2 Nf6 4. e5 Nd5 5. Bc4 Nb6 6. e6 f6 7. exd7+ Bxd7 8. Qe2
Bg7 9. Nf3 Nxc4 10. Qxc4 Qb6 11. Ng5 Rf8 12. Ne4 Na6 13. Nbc3 Qe6 14. O-O-O
Qxc4 15. bxc4 f5 16. Ng5 h6 17. Nf3 Nb4 18. Nd5 Bxb2+ 19. Kxb2 Nxd5 20. cxd5
Rf6 21. Rhe1 Rb6+ 22. Kc3 Ra6 23. Ne5 Bb5 24. Rb1 Ra3+ 25. Kb2 Ra6 26. Kc1 Rb6
27. c4 Bd7 28. Rxb6 axb6 29. Nxg6 Rxa2 30. Rxe7+ Kd8 31. d6 Ra1+ 32. Kb2 Rd1
33. Kc3 Rc1+ 34. Kd3 b5 35. Ne5 bxc4+ 36. Ke2 Bb5 37. Rxb7 1-0

[Event "Zicosur op 2nd"]
[Site "Antofagasta"]
[Date "2016.01.06"]
[Round "3"]
[White "Garcia Cardenas, Pablo"]
[Black "Delgado Ramirez, Neuris"]
[Result "0-1"]
[WhiteElo "2405"]
[BlackElo "2609"]
[PlyCount "72"]
[EventDate "2016.01.05"]
[EventType "swiss"]
[EventRounds "9"]
[EventCountry "CHI"]
[SourceTitle "CBM 170 Extra"]
[Source "ChessBase"]
[SourceDate "2016.02.25"]
[SourceVersion "1"]
[SourceVersionDate "2016.02.25"]
[SourceQuality "1"]

1. d4 Nf6 2. c4 e6 3. Nc3 Bb4 4. Qc2 O-O 5. Nf3 d6 6. Bd2 c5 7. dxc5 Bxc5 8. e3
Nc6 9. a3 a5 10. Bd3 h6 11. O-O e5 12. h3 Be6 13. Rfd1 Nd7 14. e4 Qf6 15. Nd5
Bxd5 16. exd5 Nd4 17. Nxd4 Bxd4 18. Be1 Nc5 19. Bf1 a4 20. Rab1 Qh4 21. Bb4 f5
22. Bxc5 Bxc5 23. b4 axb3 24. Rxb3 b6 25. g3 Qe7 26. Kh2 Rxa3 27. Rxa3 Bxa3 28.
Bg2 Bc5 29. Rd2 e4 30. Re2 Qf6 31. Qb2 Bd4 32. Qb3 h5 33. h4 f4 34. Rxe4 Bxf2
35. gxf4 Qxh4+ 36. Bh3 g5 0-1

[Event "Zicosur op 2nd"]
[Site "Antofagasta"]
[Date "2016.01.07"]
[Round "4"]
[White "Delgado Ramirez, Neuris"]
[Black "Terry Lujan, Renato Alfredo"]
[Result "1-0"]
[WhiteElo "2609"]
[BlackElo "2465"]
[PlyCount "101"]
[EventDate "2016.01.05"]
[EventType "swiss"]
[EventRounds "9"]
[EventCountry "CHI"]
[SourceTitle "CBM 170 Extra"]
[Source "ChessBase"]
[SourceDate "2016.02.25"]
[SourceVersion "1"]
[SourceVersionDate "2016.02.25"]
[SourceQuality "1"]

1. e4 e6 2. d4 d5 3. Nd2 Be7 4. Ngf3 Nf6 5. Bb5+ c6 6. Bd3 c5 7. exd5 exd5 8.
dxc5 Bxc5 9. Nb3 Qe7+ 10. Qe2 Qxe2+ 11. Kxe2 Bb6 12. Be3 Bxe3 13. Kxe3 O-O 14.
Rae1 Ng4+ 15. Ke2 Rd8 16. h3 Nf6 17. Kd2 Ne4+ 18. Ke3 Nd6 19. Kf4 Nd7 20. g4
Nf8 21. Nbd4 Bd7 22. Kg3 Re8 23. Nd2 Ne6 24. Nxe6 Bxe6 25. b3 Bd7 26. Rxe8+
Rxe8 27. Rd1 Kf8 28. Nf3 h6 29. Nd4 Ke7 30. f3 Kf6 31. h4 a6 32. Kf2 Rc8 33. a4
a5 34. Rg1 g6 35. g5+ hxg5 36. hxg5+ Kg7 37. Ke3 Bf5 38. Nxf5+ Nxf5+ 39. Bxf5
gxf5 40. Rg2 Rc3+ 41. Kf4 Kg6 42. Rd2 Rc5 43. Rh2 d4 44. Rd2 Rd5 45. Rd3 f6 46.
gxf6 Kxf6 47. c3 Rc5 48. Rxd4 b5 49. b4 Rxc3 50. bxa5 Ra3 51. a6 1-0

[Event "Zicosur op 2nd"]
[Site "Antofagasta"]
[Date "2016.01.09"]
[Round "7"]
[White "Lopez Silva, Hugo Andres"]
[Black "Delgado Ramirez, Neuris"]
[Result "0-1"]
[WhiteElo "2426"]
[BlackElo "2609"]
[PlyCount "72"]
[EventDate "2016.01.05"]
[EventType "swiss"]
[EventRounds "9"]
[EventCountry "CHI"]
[SourceTitle "CBM 170 Extra"]
[Source "ChessBase"]
[SourceDate "2016.02.25"]
[SourceVersion "1"]
[SourceVersionDate "2016.02.25"]
[SourceQuality "1"]

1. e4 c5 2. Nf3 d6 3. d4 cxd4 4. Nxd4 Nf6 5. Nc3 Nc6 6. f3 e5 7. Nb3 Be7 8. Be3
Be6 9. Qd2 O-O 10. Nd5 Bxd5 11. exd5 Nb8 12. Be2 a5 13. c4 Nbd7 14. O-O b6 15.
Nc1 Nh5 16. g3 f5 17. Kg2 Rc8 18. Bd3 Qe8 19. Ne2 Nc5 20. Nc3 Qg6 21. Bc2 Rce8
22. a3 Bh4 23. Qf2 Bg5 24. b4 Bxe3 25. Qxe3 Nd7 26. Ba4 f4 27. Qe4 Qf7 28. Bxd7
Qxd7 29. Qe2 fxg3 30. hxg3 Qf5 31. Ne4 Qg6 32. Qe3 Rf4 33. Kh2 Qh6 34. gxf4
Nxf4+ 35. Kg3 Qh3+ 36. Kf2 Qh2+ 0-1

[Event "Zicosur op 2nd"]
[Site "Antofagasta"]
[Date "2016.01.09"]
[Round "8"]
[White "Delgado Ramirez, Neuris"]
[Black "Pichot, Alan"]
[Result "0-1"]
[WhiteElo "2609"]
[BlackElo "2517"]
[PlyCount "68"]
[EventDate "2016.01.05"]
[EventType "swiss"]
[EventRounds "9"]
[EventCountry "CHI"]
[SourceTitle "CBM 170 Extra"]
[Source "ChessBase"]
[SourceDate "2016.02.25"]
[SourceVersion "1"]
[SourceVersionDate "2016.02.25"]
[SourceQuality "1"]

1. d4 Nf6 2. Bf4 g6 3. Nc3 d5 4. Qd2 Bg7 5. Bh6 Bxh6 6. Qxh6 c5 7. e3 Nc6 8.
O-O-O Qa5 9. dxc5 Qxc5 10. Nge2 Bd7 11. Nd4 Rc8 12. Nb3 Qb6 13. Bb5 Rg8 14. Qg5
Be6 15. Nd4 a6 16. Bxc6+ bxc6 17. e4 Rb8 18. b3 Qc5 19. Qd2 Bd7 20. Rhe1 Qa3+
21. Kb1 c5 22. Qf4 Rc8 23. Nf3 c4 24. Nxd5 Nxd5 25. Rxd5 Be6 26. Re3 c3 27.
Rxc3 Rxc3 28. Qb8+ Rc8 29. Qb7 f6 30. Nd4 Kf7 31. Nxe6 Kxe6 32. c4 Kf7 33. f4
Rgd8 34. e5 fxe5 0-1

[Event "Florianopolis op 2nd"]
[Site "Florianopolis"]
[Date "2016.01.16"]
[Round "1"]
[White "Dickel, Henrique de Oliveir"]
[Black "Delgado Ramirez, Neuris"]
[Result "0-1"]
[WhiteElo "1840"]
[BlackElo "2609"]
[PlyCount "52"]
[EventDate "2016.01.16"]
[EventType "swiss"]
[EventRounds "10"]
[EventCountry "BRA"]
[SourceTitle "CBM 170 Extra"]
[Source "ChessBase"]
[SourceDate "2016.02.25"]
[SourceVersion "1"]
[SourceVersionDate "2016.02.25"]
[SourceQuality "1"]

1. e4 c5 2. Nc3 Nc6 3. f4 e6 4. Nf3 d5 5. g3 dxe4 6. Nxe4 h5 7. Bg2 h4 8. Nxh4
Rxh4 9. gxh4 Qxh4+ 10. Nf2 Nh6 11. O-O Bd7 12. d3 O-O-O 13. Qf3 f5 14. Bd2 Bd6
15. Qg3 Qe7 16. Bc3 Rg8 17. Nh3 Ng4 18. Ng5 Nd4 19. Bxd4 cxd4 20. Rae1 Bc5 21.
Bf3 Ne3 22. Rf2 Bd6 23. Bh1 e5 24. fxe5 Bxe5 25. Rxe3 dxe3 26. Qxe3 Bxh2+ 0-1

[Event "Florianopolis op 2nd"]
[Site "Florianopolis"]
[Date "2016.01.17"]
[Round "2"]
[White "Delgado Ramirez, Neuris"]
[Black "Fonseca, Luis Ernesto Serra"]
[Result "1-0"]
[WhiteElo "2609"]
[BlackElo "2033"]
[PlyCount "77"]
[EventDate "2016.01.16"]
[EventType "swiss"]
[EventRounds "10"]
[EventCountry "BRA"]
[SourceTitle "CBM 170 Extra"]
[Source "ChessBase"]
[SourceDate "2016.02.25"]
[SourceVersion "1"]
[SourceVersionDate "2016.02.25"]
[SourceQuality "1"]

1. e4 c5 2. Nf3 g6 3. c3 Bg7 4. d4 cxd4 5. cxd4 d5 6. e5 Nc6 7. Bb5 Bd7 8. Nc3
e6 9. h4 Qa5 10. Bxc6 Bxc6 11. O-O Ne7 12. Rb1 a6 13. b4 Qc7 14. Bd2 Nf5 15. a4
b5 16. a5 Rc8 17. g4 Ne7 18. Bg5 h6 19. Bf4 Bd7 20. Rc1 Qa7 21. Na2 h5 22.
Rxc8+ Bxc8 23. gxh5 Rxh5 24. Qd2 Nf5 25. Rc1 Bd7 26. Bg5 Bf8 27. Rc2 Be7 28.
Bxe7 Kxe7 29. Nc1 Qb8 30. Ne2 Qh8 31. Ng3 Nxh4 32. Ng5 Rh6 33. Rc7 Qd8 34. Qc1
Nf5 35. Ra7 Kf8 36. Nxf7 Kxf7 37. Nxf5 Rh5 38. Qc6 Qg5+ 39. Ng3 1-0

[Event "Florianopolis op 2nd"]
[Site "Florianopolis"]
[Date "2016.01.17"]
[Round "3"]
[White "Miguel, Gabriel Carvalho Mo"]
[Black "Delgado Ramirez, Neuris"]
[Result "0-1"]
[WhiteElo "2191"]
[BlackElo "2609"]
[PlyCount "69"]
[EventDate "2016.01.16"]
[EventType "swiss"]
[EventRounds "10"]
[EventCountry "BRA"]
[SourceTitle "CBM 170 Extra"]
[Source "ChessBase"]
[SourceDate "2016.02.25"]
[SourceVersion "1"]
[SourceVersionDate "2016.02.25"]
[SourceQuality "1"]

1. e4 c5 2. Nf3 d6 3. Bb5+ Bd7 4. Bxd7+ Nxd7 5. d4 e6 6. c4 cxd4 7. Qxd4 Ngf6
8. O-O a6 9. Nc3 Rc8 10. b3 Be7 11. Bb2 O-O 12. h3 Qa5 13. Qd2 Qh5 14. Rad1 b5
15. cxb5 axb5 16. Rfe1 b4 17. Na4 Qb5 18. e5 dxe5 19. Nxe5 Rfd8 20. Qf4 Nxe5
21. Rxd8+ Rxd8 22. Bxe5 h6 23. Bb2 Nd5 24. Qf3 Bf6 25. Bxf6 Nxf6 26. Qe3 Nd5
27. Qd2 Qb8 28. Rd1 Rc8 29. Rc1 Rxc1+ 30. Qxc1 Qe5 31. Qc8+ Kh7 32. Qc2+ f5 33.
Nc5 Qe1+ 34. Kh2 Nf4 35. Kg3 0-1

[Event "Florianopolis op 2nd"]
[Site "Florianopolis"]
[Date "2016.01.18"]
[Round "4"]
[White "Delgado Ramirez, Neuris"]
[Black "Aranha Filho, Alvaro Zimmermann"]
[Result "1-0"]
[WhiteElo "2609"]
[BlackElo "2293"]
[PlyCount "81"]
[EventDate "2016.01.16"]
[EventType "swiss"]
[EventRounds "10"]
[EventCountry "BRA"]
[SourceTitle "CBM 170 Extra"]
[Source "ChessBase"]
[SourceDate "2016.02.25"]
[SourceVersion "1"]
[SourceVersionDate "2016.02.25"]
[SourceQuality "1"]

1. e4 c5 2. Nf3 Nc6 3. Bb5 g6 4. c3 Bg7 5. d4 d5 6. dxc5 dxe4 7. Bxc6+ bxc6 8.
Qxd8+ Kxd8 9. Ng5 Ke8 10. Nxe4 f5 11. Ned2 Ba6 12. Na3 Nf6 13. Ndc4 Nd7 14. Be3
Rf8 15. O-O-O Ne5 16. Nxe5 Bxe5 17. Rhe1 Rf7 18. f4 Bf6 19. Bd4 Rd8 20. b3 Bxd4
21. cxd4 Rf6 22. Re3 Kf7 23. Rde1 Rd7 24. Nc2 h6 25. h4 Bc8 26. Kb2 Rc7 27. Re5
Re6 28. Nb4 Rxe5 29. Rxe5 a5 30. Nd3 Be6 31. Re3 Kf6 32. Ne5 Bf7 33. Ka3 Be8
34. Ka4 g5 35. hxg5+ hxg5 36. g3 gxf4 37. gxf4 Kg7 38. Kxa5 Ra7+ 39. Kb6 Rxa2
40. Nxc6 Kf6 41. Nxe7 1-0